| 000 | 01313nam a22002657a 4500 | ||
|---|---|---|---|
| 008 | 250620t |||a|||| |||| 00| 0 spa d | ||
| 020 | _a9786289617498 | ||
| 040 |
_aCO-JMCR _bspa _cCO-JMCR _dCO-JMCR _erda |
||
| 041 | 0 | _aspa | |
| 082 | 0 | 4 |
_a330.09 _bO15h |
| 100 | 1 |
_aOcampo, José Antonio, _eautor _96129 |
|
| 245 | 1 | 0 |
_aHistoria económica de Colombia 1954-2024 / _cJosé Antonio Ocampo, et al. |
| 250 | _a1a. edición | ||
| 260 |
_aBogotá: _bEditorial La República S.A.S., _c2024. |
||
| 264 | _c2024. | ||
| 300 |
_a453 páginas : _bIlustraciones ; _c23 cm. |
||
| 520 | _aHistorias de la economía colombiana hay muchas. La propuesta de este libro es que sea contada por sus principales protagonistas: los ministros de Hacienda, los verdaderos rectores del acontecer económico. Son ellos quienes han monitoreado los fundamentales económicos y los responsables de que Colombia cuente con una economía de mercado que funcione y siga adelante, muy a pesar de las circunstancias políticas. | ||
| 700 | 1 |
_aEcheverry, Juan Carlos, _9667 |
|
| 700 | 1 |
_aCárdenas, Mauricio, _916662 |
|
| 700 | 1 |
_aCarrasquilla, Alberto, _96925 |
|
| 700 | 1 |
_aRestrepo, José Manuel, _911101 |
|
| 700 | 1 |
_aBonilla, Ricardo, _914703 |
|
| 700 | 1 |
_aRestrepo, Juan Camilo, _98 |
|
| 999 |
_c31021 _d17405 |
||